| 000 | 01179 a2200205 4500 | ||
|---|---|---|---|
| 001 | 39032 | ||
| 005 | 20260407155649.0 | ||
| 008 | 260407a1981 arg spa d | ||
| 003 | AR-UNSa-BCEJYS | ||
| 040 |
_aAR-UNSa-BCEJYS _bspa _cAR-UNSa-BCEJYS |
||
| 080 |
_a657.23 _xCompensaciones. Correcciones. Ajustes (devaluación monetaria) |
||
| 245 | 1 | 0 | _aLa determinación de los resultados de las operaciones financieras en contextos inflacionarios |
| 264 | 1 |
_aBuenos Aires : _bTesis _c1981 |
|
| 300 |
_a146 p. _c23 cm. |
||
| 505 | _a1. Origen y composición del resultado financiero - 2. Pautas para la contabilización de los resultados financieros - 3. Normas para el ajuste por inflación de los resultados financieros - 4. Métodos para la comprobación del resultado por exposición - 5. Los métodos de comprobación independiente, la metodología del ajuste integral y la información sobre los resultados financieros. La exposición de los resultados financieros - 6. Ejercicios de aplicación - 7. El resultado financiero y el costo de los activos. | ||
| 041 | _aspa | ||
| 942 | _cBK | ||
| 590 | _aniveau_biblio:m niveau_hierar:0 | ||
| 100 | 1 | _aValle, Juan José Fermín del | |
| 999 |
_c2949 _d2949 |
||